Quá trình ngẫu nhiên tự đồng dạng α - ổn định : Luận văn thạc sĩ. Chuyên ngành: Lý thuyết xác suất và thống kê tính toán

Luận văn gồm 3 chương: Các kiến thức chuẩn bị; Nghiên cứu khái niệm, tính chất minh họa về quá trình ngẫu nhiên tự đồng dạng; Tìm hiểu các đặc trưng và biểu diễn khác của quá trình tự đồng dạng....

সম্পূর্ণ বিবরণ

সংরক্ষণ করুন:
গ্রন্থ-পঞ্জীর বিবরন
প্রধান লেখক: Nguyễn, Quốc Khánh
বিন্যাস: গ্রন্থ
ভাষা:Undetermined
প্রকাশিত: Cần Thơ Trường Đại học Cần Thơ 2012
বিষয়গুলি:
ট্যাগগুলো: ট্যাগ যুক্ত করুন
কোনো ট্যাগ নেই, প্রথমজন হিসাবে ট্যাগ করুন!
Thư viện lưu trữ: Trung tâm Học liệu Trường Đại học Cần Thơ
LEADER 01166nam a2200217Ia 4500
001 CTU_174667
008 210402s9999 xx 000 0 und d
082 |a 519.2 
082 |b Kh107 
088 |a 60460106 
100 |a Nguyễn, Quốc Khánh 
245 0 |a Quá trình ngẫu nhiên tự đồng dạng α - ổn định : 
245 0 |b Luận văn thạc sĩ. Chuyên ngành: Lý thuyết xác suất và thống kê tính toán 
245 0 |c Nguyễn Quốc Khánh ; Dương Tôn Đảm (Người hướng dẫn) 
260 |a Cần Thơ 
260 |b Trường Đại học Cần Thơ 
260 |c 2012 
520 |a Luận văn gồm 3 chương: Các kiến thức chuẩn bị; Nghiên cứu khái niệm, tính chất minh họa về quá trình ngẫu nhiên tự đồng dạng; Tìm hiểu các đặc trưng và biểu diễn khác của quá trình tự đồng dạng. 
650 |a Tóan thống kê,Mathematical statistics,Probabilities 
904 |i Cẩm Thân 
980 |a Trung tâm Học liệu Trường Đại học Cần Thơ